000 00482cam a22001934a 4500
005 20250605164314.0
008 250528s ||||||||||||||||||||||||d
035 _a22640
020 _a9780321263582
040 _aGR-AtMCL
_bgre
_dGR-AtMCL
_eAACR2
245 1 _aCOMPUTER NETWORKING AND THE INTERNET
250 _a4
260 _bAddison-Wesley Publishing Company,
_c2005
300 _a803
700 1 _aHalsall Fred
_92956
942 _cBK
999 _c7688
_d7688